01357nam a2200265Ia 4500003000400000005001700004008004100021020001500062040002100077041001300098082002400111100004000135245014500175260003100320300003300351500004200384500003400426505035400460650003100814700004700845700004300892942001200935999001700947952012700964OSt20221209140310.0210310s1971 mx gr 001 0 spa d a9684385757 aCO-JMCRcCO-JMCR1 aspaheng04223a657.33 /bK351e1 aKennedy, Ralph Dale, 935338eautor10aEstados financieros : bforma, análisis e interpretación / cRalph Dale Kennedy, Stewart Yarwood McMullen ; traductor, Luis Guasch Rubio aMéxico : bUTEHA, c1971 axvii, 805 páginas ;c23 cm aTraducción de: Financial statements aIncluye índice alfabético0 aIntroducción a los estados financieros y formulación de los mismos -- Análisis e interpretación de los estados financieros comerciales e industriales -- Efecto de los cambios en los niveles de precios en la interpretación de los estados financieros -- Análisis e interpretación de los estados financieros de distintos tipos de negocios14aEstados financieros9353401 a McMullen, Steward Yarwood, eautor9424901 aGuasch Rubio, Luis, etraductor942491 2ddccBK c15108d15108 00102ddc4070aCPLbCPLd2021-03-10l1o657.33 / K351ep201811686r2024-09-19 11:53:15s2024-09-18tEj.1w2021-03-10yBK